Hoja oficial de la Provincia de Barcelona
Descripción Física:
; 41 cm
MARC
| LEADER | 00000nam a2200000Ia 4500 | ||
|---|---|---|---|
| 001 | |||
| 008 | 160829s1926 - 1931 xx 000 0 cat d | ||
| 008 | 160829s9999 xx 000 0 cat d | ||
| 080 | |a Revistes | ||
| 245 | |a Hoja oficial de la Provincia de Barcelona | ||
| 260 | |a Barcelona : |b Casa Provincial de Caridad, |c 1926 - 1931 | ||
| 300 | |a ; |c 41 cm | ||
| 362 | |a 2a época, no. 1 (4 ene. 1926) - núm. 277 (20 abr. 1931) | ||
| 590 | |a Continuada per: Full oficial del dilluns de Barcelona. | ||
| 590 | |a Variant del títol: Hoja oficial del lunes de la Provincia de Barcelona. | ||
| 590 | |a ES TROBA A LA PDL DE MANERA PROVISIONAL (fins que acabin les obres del Dipòsit B) | ||
| 901 | |a Arxiu | ||
| 942 | |n 1 | ||
| 952 | |0 0 |1 0 |4 0 |6 REVISTES |7 1 |9 49271 |a Arxiu |b Arxiu |d 2016-12-01 |l 0 |o Revistes |r 2016-12-01 00:00:00 |w 2016-12-01 |y ARXIU | ||
| 999 | |c 53112 |d 53112 | ||